| 000 | 00758nam a22002297a 4500 | ||
|---|---|---|---|
| 005 | 20170124110231.0 | ||
| 010 | _aA-949807 | ||
| 020 |
_c500.00 _a8122411396 |
||
| 035 | _aA-949807 | ||
| 037 | _bCen Lib/Ret | ||
| 040 |
_aDPL _bEN |
||
| 082 |
_a921 _bGPM |
||
| 245 |
_aGP the man and his work : _cedited by H.Y. Sharda Prasad _ba volume in memory of G. Parthasarathi / |
||
| 260 |
_aNew Delhi _bNew Age International Publishers _c1998 |
||
| 270 |
_a4835/24, Ansari Road Darya Ganj _bNew Delhi _e110002 |
||
| 300 |
_ax,385p. _c22cm(Hb) |
||
| 500 | _aIncludes index | ||
| 650 |
_aPolitical science _zIndia _9463 |
||
| 650 |
_aPoilitics and Government _941356 |
||
| 700 |
_932298 _aPrasad, H.Y. Sharda |
||
| 942 |
_2ddc _cEN _h921 _mGPM |
||
| 999 |
_c134668 _d134668 |
||